[Event "IV Weekend Magistrale"]
[Site "Vicenza ITA"]
[Date "2000.09.30"]
[Round "1"]
[White "Del Monaco, Andrea"]
[Black "Molina, Fabrizio"]
[WhiteElo "2077"]
[BlackElo "2313"]
[Result "1/2-1/2"]
[PlyCount "100"]
[EventDate "2000.09.30"]

1. e4 e6 2. d4 d5 3. Nc3 Nc6 4. e5 f6 5. Nf3 Bd7 6. a3 Qe7 7. Bd3 fxe5 8. dxe5
g6 9. h4 Qg7 10. Qe2 O-O-O 11. Bg5 Re8 12. O-O-O h6 13. Bf4 Qf7 14. Qd2 Bc5 15.
Bg3 Nce7 16. Na4 Bxa4 17. Qa5 Bxc2 18. Qxc5 Bxd3 19. Rxd3 Nc6 20. Rb3 Qd7 21.
Rd1 Nge7 22. Nd2 b6 23. Qb5 Nd4 24. Qa6+ Kb8 25. Rb4 Qc6+ 26. Nc4 Ne2+ 27. Kd2
dxc4 28. Rxc4 Qxg2 29. Kxe2 Qb7 30. Qxb7+ Kxb7 31. h5 g5 32. Rd7 Nd5 33. b4 a6
34. Rg7 Re7 35. Rg6 c6 36. f4 gxf4 37. Bxf4 Nxf4+ 38. Rxf4 c5 39. bxc5 bxc5 40.
Rff6 Rhe8 41. Rxh6 Kc6 42. Ke3 Kd5 43. Rhg6 Kxe5 44. Rf1 Kd6 45. Rd1+ Kc6 46.
Rc1 Kb5 47. h6 Rh8 48. Rg5 Rc7 49. Rh5 Kb6 50. h7 c4 1/2-1/2

[Event "IV Weekend Magistrale"]
[Site "Vicenza ITA"]
[Date "2000.09.30"]
[Round "1"]
[White "Malfagia, Andrea"]
[Black "Renier, Renzo"]
[WhiteElo "2244"]
[BlackElo "1929"]
[Result "1-0"]
[PlyCount "41"]
[EventDate "2000.09.30"]

1. e4 e5 2. Nf3 Nc6 3. d4 exd4 4. Nxd4 Nf6 5. Nxc6 bxc6 6. e5 Qe7 7. Qe2 Nd5 8.
c4 Ba6 9. b3 Qe6 10. cxd5 Qxd5 11. Qe3 Bxf1 12. Kxf1 Qd1+ 13. Qe1 Qd4 14. Nc3
Bb4 15. Bb2 O-O 16. Rd1 Qc5 17. Rxd7 Rad8 18. e6 fxe6 19. Qxe6+ Kh8 20. Ne4
Rxd7 21. Qxd7 1-0

[Event "IV Weekend Magistrale"]
[Site "Vicenza ITA"]
[Date "2000.09.30"]
[Round "1"]
[White "Navarro, Emanuele"]
[Black "Luciani, Valerio"]
[WhiteElo "1879"]
[BlackElo "2122"]
[Result "0-1"]
[PlyCount "64"]
[EventDate "2000.09.30"]

1. d4 f5 2. g3 Nf6 3. Bg2 g6 4. Bg5 Bg7 5. Nc3 c6 6. h4 d5 7. Nh3 Be6 8. Qd2
Nbd7 9. O-O-O Bf7 10. Bf4 h6 11. f3 Nh5 12. Qe3 Nxf4 13. gxf4 Nf6 14. Nf2 c5
15. dxc5 Nh5 16. Nb5 O-O 17. Nd4 Nxf4 18. Qxf4 e5 19. Qg3 exd4 20. Nd3 Qe7 21.
Bh3 h5 22. Rhg1 Kh7 23. Kb1 Bh6 24. f4 Qe3 25. Rdf1 Qxg3 26. Rxg3 Rae8 27. Rfg1
Rxe2 28. Ne5 Bxf4 29. Nxg6 Rfe8 30. Ne7 Bxg3 31. Bxf5+ Kh6 32. Bd3 R2xe7 0-1

[Event "IV Weekend Magistrale"]
[Site "Vicenza ITA"]
[Date "2000.09.30"]
[Round "1"]
[White "Vancini, Edoardo"]
[Black "Faccia, Sergio"]
[WhiteElo "2301"]
[BlackElo "2043"]
[Result "1-0"]
[PlyCount "180"]
[EventDate "2000.09.30"]

1. e4 e5 2. Nf3 Nc6 3. d4 exd4 4. Nxd4 Bc5 5. Be3 Bb6 6. Nf5 Bxe3 7. Nxe3 Nf6
8. Nc3 O-O 9. Bc4 Qe7 10. Qe2 d6 11. O-O-O Nxe4 12. Ncd5 Qd8 13. Nxc7 Rb8 14.
Ned5 Nf6 15. Qe3 Nxd5 16. Nxd5 b5 17. Bb3 a5 18. a4 bxa4 19. Bxa4 Ne5 20. Qd4
Be6 21. Rhe1 Bxd5 22. Qxd5 Qb6 23. Qd4 Qb7 24. Re3 Qxg2 25. Rg3 Qxh2 26. Qxd6
f6 27. Rdg1 Qh6+ 28. Kb1 Rxb2+ 29. Ka1 Rb7 30. Qd5+ Rbf7 31. Bb3 Kh8 32. Qe4
Re7 33. Rh1 f5 34. Qg2 Qf6 35. Kb1 h6 36. Qd5 Rd7 37. Qxa5 Rb8 38. Qc3 f4 39.
Rgg1 Rdb7 40. Re1 Ng4 41. Qxf6 Nxf6 42. Rh4 Rb4 43. Kb2 Kh7 44. Re5 R8b6 45.
Rf5 g5 46. Rxg5 Ne4 47. Rf5 Nxf2 48. Rhxf4 Nd3+ 49. cxd3 Rxb3+ 50. Kc2 Ra3 51.
Rf6 Rb5 52. Rd6 Rab3 53. Rf7+ Kg8 54. Rc7 Rb2+ 55. Kc3 R5b3+ 56. Kd4 Rb4+ 57.
Ke3 Rb8 58. Rg6+ Kh8 59. Rxh6+ Kg8 60. Re6 Rd8 61. Rc4 Rg2 62. d4 Kf7 63. Re5
Rh2 64. d5 Rh3+ 65. Kd4 Rh4+ 66. Kd3 Rh3+ 67. Kd4 Rh4+ 68. Re4 Rh5 69. Rc7+ Kf8
70. Re5 Rh6 71. Rf5+ Kg8 72. Rff7 Rhd6 73. Rf5 Re8 74. Kc5 Red8 75. Rc6 R6d7
76. Re6 Rc8+ 77. Kd4 Rcd8 78. Kc5 Rc8+ 79. Rc6 Rcd8 80. d6 Ra8 81. Kd5 Ra1 82.
Ke6 Rd8 83. Re5 Rd1 84. Rd5 Re8+ 85. Kf5 Rf8+ 86. Kg6 Rg1+ 87. Rg5 Rxg5+ 88.
Kxg5 Kf7 89. Kf5 Ke8+ 90. Ke6 Kd8 1-0

[Event "IV Weekend Magistrale"]
[Site "Vicenza ITA"]
[Date "2000.09.30"]
[Round "1"]
[White "Vianello, Enrico"]
[Black "Guerra, Alessandro"]
[WhiteElo "1915"]
[BlackElo "2181"]
[Result "0-1"]
[PlyCount "70"]
[EventDate "2000.09.30"]

1. d4 Nc6 2. Nf3 d6 3. e4 Nf6 4. Nc3 Bg4 5. Be2 e6 6. O-O Be7 7. Be3 O-O 8. h3
Bh5 9. a3 a6 10. Qd2 d5 11. e5 Nd7 12. Nh2 Bxe2 13. Qxe2 Na5 14. Qg4 Kh8 15. f4
Nc4 16. Bc1 c5 17. Ne2 Qb6 18. Nf3 f6 19. Kh1 f5 20. Qh5 cxd4 21. Nfxd4 Bc5 22.
c3 Bxd4 23. Nxd4 Nc5 24. b3 Ne4 25. Kh2 Nxc3 26. Nf3 Na5 27. Ng5 h6 28. b4 Nb3
29. Nf7+ Rxf7 30. Qxf7 Nxa1 31. Bb2 Ne4 32. Bxa1 Rc8 33. Qh5 Qe3 34. Qf3 Nd2
35. Qd1 Nxf1+ 0-1

[Event "IV Weekend Magistrale"]
[Site "Vicenza ITA"]
[Date "2000.09.31"]
[Round "2"]
[White "Carli, Carlo"]
[Black "Casadei, Mauro"]
[WhiteElo "2117"]
[BlackElo "2137"]
[Result "0-1"]
[PlyCount "80"]
[EventDate "2000.09.30"]

1. e4 e6 2. d4 d5 3. Nd2 Nf6 4. e5 Nfd7 5. c3 c5 6. Bd3 Nc6 7. Ne2 cxd4 8. cxd4
Qb6 9. Nf3 f6 10. exf6 Nxf6 11. O-O Bd6 12. Nc3 O-O 13. Be3 Bd7 14. Rc1 a6 15.
Na4 Qa5 16. Nc5 Bxc5 17. Rxc5 Qxa2 18. Ne5 Qxb2 19. Nxd7 Nxd7 20. Qh5 Nf6 21.
Qh3 Rae8 22. Rb1 Qa3 23. Bg5 Ne4 24. Bxe4 Qxh3 25. gxh3 dxe4 26. Rxb7 Nxd4 27.
Rcc7 Nf5 28. Rc4 Nd6 29. Rbb4 a5 30. Ra4 Nxc4 31. Rxc4 Ra8 32. Be7 Rf3 33. Bd6
a4 34. Be5 a3 35. Kg2 a2 36. Ba1 Ra7 37. Rxe4 Rb3 38. Rxe6 Rb1 39. Bd4 a1=Q 40.
Bxa1 Rbxa1 0-1

[Event "IV Weekend Magistrale"]
[Site "Vicenza ITA"]
[Date "2000.09.31"]
[Round "2"]
[White "Caruso, Augusto"]
[Black "Del Monaco, Andrea"]
[WhiteElo "2286"]
[BlackElo "2077"]
[Result "0-1"]
[PlyCount "92"]
[EventDate "2000.09.30"]

1. e4 d6 2. d4 g6 3. Nf3 Bg7 4. c3 Nf6 5. Bd3 O-O 6. Bg5 h6 7. Bh4 Nc6 8. h3 e5
9. d5 Ne7 10. g4 g5 11. Bg3 c6 12. c4 b5 13. b3 bxc4 14. bxc4 cxd5 15. cxd5
Nexd5 16. exd5 e4 17. Bc2 exf3 18. O-O Qa5 19. Nd2 Ba6 20. Re1 Be2 21. Rxe2
fxe2 22. Qxe2 Rfe8 23. Qd3 Qxd5 24. Rb1 Qxd3 25. Bxd3 Rab8 26. Rd1 Nd5 27. Nc4
Nc3 28. Rd2 d5 29. Bxb8 dxc4 30. Bxc4 Rxb8 31. Rd7 a5 32. Bxf7+ Kh8 33. Rd2 a4
34. Kg2 a3 35. Bb3 Rxb3 36. axb3 a2 37. Rd8+ Kh7 38. Ra8 Na4 39. Rxa4 a1=Q 40.
Rxa1 Bxa1 41. Kf3 Be5 42. Ke4 Bb8 43. Kf5 Kg7 44. h4 gxh4 45. Ke4 h3 46. Kf3
Kf8 0-1

[Event "IV Weekend Magistrale"]
[Site "Vicenza ITA"]
[Date "2000.09.31"]
[Round "2"]
[White "Guerra, Alessandro"]
[Black "Malfagia, Andrea"]
[WhiteElo "2181"]
[BlackElo "2244"]
[Result "0-1"]
[PlyCount "38"]
[EventDate "2000.09.30"]

1. b3 e5 2. Bb2 d6 3. e4 Nf6 4. Nc3 g6 5. d4 exd4 6. Qxd4 Bg7 7. Nd5 Nh5 8.
Qxg7 Nxg7 9. Bxg7 c6 10. Nf6+ Ke7 11. O-O-O Nd7 12. Nxd7 Bxd7 13. Bxh8 Qxh8 14.
Kb1 a5 15. f4 a4 16. Nf3 Qc3 17. Rd3 Qa5 18. b4 Qxb4+ 19. Ka1 Be6 0-1

[Event "IV Weekend Magistrale"]
[Site "Vicenza ITA"]
[Date "2000.09.31"]
[Round "2"]
[White "Luciani, Valerio"]
[Black "Vancini, Edoardo"]
[WhiteElo "2122"]
[BlackElo "2301"]
[Result "1/2-1/2"]
[PlyCount "91"]
[EventDate "2000.09.30"]

1. e4 c5 2. Nc3 Nc6 3. g3 g6 4. Bg2 Bg7 5. d3 e6 6. Be3 Nd4 7. Nge2 Ne7 8. O-O
O-O 9. Qd2 d6 10. Rae1 Rb8 11. Nc1 b5 12. Nd1 b4 13. f3 f5 14. Rf2 e5 15. Bh6
f4 16. Bxg7 Kxg7 17. c3 bxc3 18. bxc3 Ne6 19. Ne2 Nc6 20. gxf4 Nxf4 21. Nxf4
Rxf4 22. Ne3 Be6 23. Bf1 Qf8 24. Be2 Rf7 25. Nd1 Qd8 26. Bf1 Qh4 27. Bg2 Rb1
28. Ne3 Rxe1+ 29. Qxe1 Bxa2 30. Qa1 Be6 31. Qa6 Bd7 32. Nc4 Qe7 33. Rb2 Be8 34.
Kf2 Qd8 35. Bh3 d5 36. Be6 Qh4+ 37. Kg2 Qg5+ 38. Kf2 Qh4+ 39. Kg2 dxc4 40. Bxf7
Kxf7 41. Qxc4+ Kg7 42. Rb7+ Kh8 43. Qxc5 Qg5+ 44. Kf1 Qc1+ 45. Kg2 Qg5+ 46. Kf1
1/2-1/2

[Event "IV Weekend Magistrale"]
[Site "Vicenza ITA"]
[Date "2000.09.31"]
[Round "2"]
[White "Molina, Fabrizio"]
[Black "Danieli, Enrico"]
[WhiteElo "2313"]
[BlackElo "2096"]
[Result "1/2-1/2"]
[PlyCount "64"]
[EventDate "2000.09.30"]

1. c4 Nf6 2. g3 e6 3. Bg2 Be7 4. e4 d6 5. Nc3 c5 6. Nge2 O-O 7. O-O a6 8. Rb1
Qc7 9. d3 Nbd7 10. f4 Rb8 11. a4 b6 12. h3 Bb7 13. g4 Bc6 14. f5 exf5 15. Rxf5
Ne5 16. Ng3 b5 17. axb5 axb5 18. g5 Nfd7 19. b3 bxc4 20. bxc4 Rxb1 21. Nxb1 Rb8
22. Nc3 Qa5 23. Qc2 Qb4 24. Rf2 g6 25. h4 Qb3 26. Qd2 Nf8 27. Bh3 Bd8 28. Nge2
Ba5 29. Kg2 Qb7 30. Qe3 Qb3 31. Qd2 Qb7 32. Qe3 Qb3 1/2-1/2

[Event "IV Weekend Magistrale"]
[Site "Vicenza ITA"]
[Date "2000.09.31"]
[Round "2"]
[White "Oppici, Gabriele"]
[Black "Vianello, Enrico"]
[WhiteElo "2040"]
[BlackElo "1915"]
[Result "1-0"]
[PlyCount "78"]
[EventDate "2000.09.30"]

1. Nc3 d5 2. e4 dxe4 3. Nxe4 e6 4. Bc4 Nf6 5. Qe2 Nxe4 6. Qxe4 Nd7 7. Nf3 Nf6
8. Qe2 Be7 9. O-O O-O 10. Re1 a6 11. d3 b5 12. Bb3 c5 13. Bf4 Nd5 14. Bg3 Bf6
15. Ne5 Bb7 16. Rad1 Qe7 17. Ng4 Bg5 18. Bxd5 Bxd5 19. f4 Bf6 20. Ne5 Qb7 21.
c4 Bxe5 22. fxe5 Bc6 23. Bh4 Rab8 24. Qg4 Kh8 25. Re3 bxc4 26. Rg3 Rg8 27. dxc4
Qxb2 28. Qf4 Qc2 29. Rf1 Rb1 30. Qxf7 Rxf1+ 31. Qxf1 Qf5 32. Qxf5 exf5 33. Rd3
Re8 34. Rd6 Be4 35. e6 a5 36. e7 Kg8 37. Rd7 Kf7 38. Bf2 Bd3 39. Rxd3 Rxe7 1-0

[Event "IV Weekend Magistrale"]
[Site "Vicenza ITA"]
[Date "2000.09.31"]
[Round "2"]
[White "Renier, Renzo"]
[Black "Navarro, Emanuele"]
[WhiteElo "1929"]
[BlackElo "1879"]
[Result "0-1"]
[PlyCount "34"]
[EventDate "2000.09.30"]

1. e4 d6 2. d4 Nf6 3. Nc3 g6 4. f4 Bg7 5. Nf3 c5 6. dxc5 Qa5 7. Bd3 Qxc5 8. Qe2
Nc6 9. Be3 Qa5 10. O-O-O O-O 11. Kb1 Be6 12. h3 Nh5 13. Qd2 Bxc3 14. Qxc3 Qxa2+
15. Kc1 Rfc8 16. Kd2 Ne5 17. Ra1 Rxc3 0-1

[Event "IV Weekend Magistrale"]
[Site "Vicenza ITA"]
[Date "2000.09.31"]
[Round "2"]
[White "Tomba, Ivan"]
[Black "Faccia, Sergio"]
[WhiteElo "2022"]
[BlackElo "2043"]
[Result "1-0"]
[PlyCount "61"]
[EventDate "2000.09.30"]

1. e4 e5 2. Nf3 Nc6 3. d4 exd4 4. Nxd4 Bc5 5. Be3 Bb6 6. Nf5 Bxe3 7. Nxe3 Nf6
8. Nc3 O-O 9. Qd2 a6 10. g4 d6 11. Be2 Re8 12. f3 d5 13. exd5 Qe7 14. dxc6 Qxe3
15. Qxe3 Rxe3 16. Kf2 Re5 17. cxb7 Bxb7 18. Rhe1 g5 19. Bc4 Rae8 20. Rxe5 Rxe5
21. Rd1 Kg7 22. Rd8 a5 23. Ne2 Bd5 24. Bxd5 Nxd5 25. c4 Nb6 26. b3 a4 27. Ng3
axb3 28. axb3 Ra5 29. Nh5+ Kg6 30. Rg8+ Kh6 31. Ng3 1-0

[Event "IV Weekend Magistrale"]
[Site "Vicenza ITA"]
[Date "2000.09.31"]
[Round "3"]
[White "Danieli, Enrico"]
[Black "Luciani, Valerio"]
[WhiteElo "2096"]
[BlackElo "2122"]
[Result "1/2-1/2"]
[PlyCount "34"]
[EventDate "2000.09.30"]

1. d4 f5 2. Nc3 d5 3. e4 e6 4. exf5 exf5 5. Nf3 Nf6 6. Bd3 Bd6 7. O-O O-O 8.
Nb5 Nc6 9. Nxd6 Qxd6 10. c3 Bd7 11. g3 Ne7 12. Bf4 Qb6 13. Qb3 Rac8 14. Rfe1
Ng6 15. Qxb6 axb6 16. Be5 Nxe5 17. Nxe5 g6 1/2-1/2

[Event "IV Weekend Magistrale"]
[Site "Vicenza ITA"]
[Date "2000.09.31"]
[Round "3"]
[White "Faccia, Sergio"]
[Black "Caruso, Augusto"]
[WhiteElo "2043"]
[BlackElo "2286"]
[Result "0-1"]
[PlyCount "55"]
[EventDate "2000.09.30"]

1. e4 e5 2. d4 exd4 3. Bc4 Nf6 4. Nf3 Nc6 5. O-O Nxe4 6. Re1 d5 7. Bxd5 Qxd5 8.
Nc3 Qh5 9. Nxe4 Be6 10. Bg5 h6 11. Bf6 Qg6 12. Nh4 Qh7 13. f4 Be7 14. Bxe7 Nxe7
15. Qxd4 O-O 16. Qe5 Nf5 17. Nxf5 Bxf5 18. Ng3 Bxc2 19. f5 Ba4 20. Qxc7 Bc6 21.
Rad1 h5 22. h4 Qh6 23. Qd6 Qxd6 24. Rxd6 Rad8 25. Red1 Rxd6 26. Rxd6 Re8 27.
Kf2 Re5 28. Rd4 0-1

[Event "IV Weekend Magistrale"]
[Site "Vicenza ITA"]
[Date "2000.09.31"]
[Round "3"]
[White "Malfagia, Andrea"]
[Black "Casadei, Mauro"]
[WhiteElo "2244"]
[BlackElo "2137"]
[Result "1/2-1/2"]
[PlyCount "62"]
[EventDate "2000.09.30"]

1. Nf3 d5 2. d4 e6 3. c4 c5 4. cxd5 exd5 5. Nc3 Nc6 6. g3 Nf6 7. Bg2 Be7 8. O-O
O-O 9. Bg5 cxd4 10. Nxd4 h6 11. Be3 Re8 12. Rc1 Bf8 13. Nc2 Be6 14. Bd4 Ne4 15.
Nxe4 dxe4 16. Bxe4 Bxa2 17. Bxc6 bxc6 18. Ne3 Re4 19. Bc5 Bd5 20. Qd3 Qe8 21.
Rfd1 Qe6 22. Qa3 Bxc5 23. Rxc5 Rb8 24. Nxd5 cxd5 25. e3 d4 26. Rxd4 Rxd4 27.
exd4 Qe1+ 28. Kg2 Qe4+ 29. Qf3 Qxd4 30. Rc7 Rf8 31. Rb7 f5 1/2-1/2

[Event "IV Weekend Magistrale"]
[Site "Vicenza ITA"]
[Date "2000.09.31"]
[Round "3"]
[White "Navarro, Emanuele"]
[Black "Molina, Fabrizio"]
[WhiteElo "1879"]
[BlackElo "2313"]
[Result "1/2-1/2"]
[PlyCount "72"]
[EventDate "2000.09.30"]

1. e4 e6 2. d4 d5 3. Nc3 Nc6 4. exd5 exd5 5. Bb5 Nf6 6. Bg5 Bb4 7. Nge2 h6 8.
Bxf6 Qxf6 9. O-O Be6 10. a3 Bd6 11. Qd2 O-O 12. f4 Ne7 13. Bd3 c6 14. Nd1 Bg4
15. c3 c5 16. dxc5 Bxc5+ 17. Kh1 h5 18. Ne3 g6 19. b4 Bb6 20. Nxg4 hxg4 21. f5
g5 22. Ng3 Bc7 23. Rae1 Nc6 24. c4 dxc4 25. Bxc4 Rad8 26. Qc1 Bxg3 27. hxg3 Kg7
28. Qe3 Rfe8 29. Qxe8 Rxe8 30. Rxe8 Ne5 31. Be2 Qh6+ 32. Kg1 Qb6+ 33. Kh2 Qh6+
34. Kg1 Qb6+ 35. Kh2 Qe3 36. f6+ Kh7 1/2-1/2

[Event "IV Weekend Magistrale"]
[Site "Vicenza ITA"]
[Date "2000.09.31"]
[Round "3"]
[White "Oppici, Gabriele"]
[Black "Carli, Carlo"]
[WhiteElo "2040"]
[BlackElo "2117"]
[Result "1-0"]
[PlyCount "111"]
[EventDate "2000.09.30"]

1. Nc3 d5 2. e4 dxe4 3. Nxe4 e6 4. Bc4 Nf6 5. Qe2 Be7 6. Nf3 c5 7. O-O O-O 8.
d3 Nc6 9. c3 b6 10. Re1 Bb7 11. Neg5 Kh8 12. Bf4 Qe8 13. Bb5 h6 14. Ne4 a6 15.
Ba4 b5 16. Bc2 Qd7 17. Rad1 Nd5 18. Bc1 Bd6 19. Nxd6 Qxd6 20. Qe4 Nf6 21. Qh4
Ng8 22. d4 Nce7 23. Bf4 Qc6 24. dxc5 Nf5 25. Bxf5 exf5 26. Rd6 Qxc5 27. Bxh6
Qxd6 28. Bf4+ Qh6 29. Bxh6 Nxh6 30. Nd4 Kg8 31. f3 Rad8 32. Re7 Bc8 33. a3 Rd5
34. Qf4 Kh7 35. Qc7 Rdd8 36. h3 Kg6 37. Qg3+ Kh7 38. Kh2 Rd5 39. Qc7 g5 40. Qc6
Rdd8 41. g4 fxg4 42. Qe4+ Kg7 43. fxg4 Rxd4 44. Qxd4+ Kg6 45. Qd6+ Kg7 46. Qe5+
Kg6 47. Qd6+ Kg7 48. Qd2 Kg6 49. Re5 f6 50. Re7 Nf7 51. Qd3+ Kg7 52. Kg3 Rh8
53. Qd4 Rf8 54. Qa7 Kg6 55. Qc7 Kg7 56. Rxf7+ 1-0

[Event "IV Weekend Magistrale"]
[Site "Vicenza ITA"]
[Date "2000.09.31"]
[Round "3"]
[White "Tomba, Ivan"]
[Black "Guerra, Alessandro"]
[WhiteElo "2022"]
[BlackElo "2181"]
[Result "0-1"]
[PlyCount "98"]
[EventDate "2000.09.30"]

1. e4 Nc6 2. d4 d6 3. Be3 Nf6 4. f3 e5 5. d5 Ne7 6. c4 Ng6 7. Ne2 Be7 8. Qd2
Nh5 9. g3 O-O 10. Nbc3 f5 11. Bg2 Nf6 12. O-O-O fxe4 13. Nxe4 Nxe4 14. fxe4 Bg4
15. h3 Bf3 16. Bxf3 Rxf3 17. h4 Qd7 18. h5 Nh8 19. h6 g6 20. Rdf1 Raf8 21. Rxf3
Rxf3 22. Kb1 Qg4 23. Nc3 a6 24. Rg1 Rxg3 25. Rf1 Qh3 26. Re1 Nf7 27. a3 Rg2 28.
Qd1 Nxh6 29. Qb3 Qg3 30. Re2 Rxe2 31. Nxe2 Qe1+ 32. Bc1 Qxe2 33. Bxh6 b5 34.
cxb5 axb5 35. Qb4 g5 36. a4 bxa4 37. Qxa4 Kf7 38. Bxg5 Qf1+ 39. Bc1 Bg5 40.
Qd7+ Kg6 41. Qc6 Qd3+ 42. Qc2 Qxc2+ 43. Kxc2 h5 44. Bxg5 Kxg5 45. b4 h4 46. b5
h3 47. b6 h2 48. b7 h1=Q 49. b8=Q Qxe4+ 0-1

[Event "IV Weekend Magistrale"]
[Site "Vicenza ITA"]
[Date "2000.09.31"]
[Round "3"]
[White "Vancini, Edoardo"]
[Black "Del Monaco, Andrea"]
[WhiteElo "2301"]
[BlackElo "2077"]
[Result "1-0"]
[PlyCount "53"]
[EventDate "2000.09.30"]

1. e4 d6 2. d4 g6 3. Nc3 Bg7 4. Bg5 c6 5. Qd2 b5 6. f4 Nd7 7. Nf3 Qa5 8. Bd3 b4
9. Nd1 c5 10. e5 cxd4 11. Nxd4 dxe5 12. Be4 exd4 13. Bxa8 e5 14. O-O Nh6 15.
fxe5 Nf5 16. a3 Nxe5 17. Qxb4 Qc7 18. Bd5 f6 19. Bf4 Bf8 20. Qb3 Bd6 21. Kh1 h5
22. Nf2 Ng4 23. Rae1+ Nge3 24. Qa4+ Bd7 25. Qxd4 Be5 26. Ng4 Nxg4 27. Bxe5 1-0

[Event "IV Weekend Magistrale"]
[Site "Vicenza ITA"]
[Date "2000.09.31"]
[Round "3"]
[White "Vianello, Enrico"]
[Black "Renier, Renzo"]
[WhiteElo "1915"]
[BlackElo "1929"]
[Result "0-1"]
[PlyCount "38"]
[EventDate "2000.09.30"]

1. d4 Nf6 2. Bg5 e6 3. e4 Be7 4. Bd3 b6 5. Qe2 Bb7 6. f4 d6 7. Nf3 Nbd7 8. Nc3
h6 9. Bh4 Nxe4 10. Nxe4 Bxh4+ 11. g3 Be7 12. O-O-O Nf6 13. Ned2 O-O 14. Rhg1 c5
15. g4 Qd7 16. g5 Nd5 17. Qe4 g6 18. gxh6 Bf6 19. Kb1 Nc3+ 0-1

[Event "IV Weekend Magistrale"]
[Site "Vicenza ITA"]
[Date "2000.10.07"]
[Round "4"]
[White "Casadei, Mauro"]
[Black "Vancini, Edoardo"]
[WhiteElo "2137"]
[BlackElo "2301"]
[Result "0-1"]
[PlyCount "150"]
[EventDate "2000.09.30"]

1. d4 Nf6 2. c4 e6 3. g3 c5 4. d5 exd5 5. cxd5 d6 6. Bg2 g6 7. Nf3 Bg7 8. O-O
O-O 9. Nc3 a6 10. a4 Nbd7 11. Nd2 Re8 12. h3 Rb8 13. Nc4 Nb6 14. Na3 Bd7 15. e4
Qc7 16. Re1 Nc8 17. Nc4 b5 18. axb5 axb5 19. Nxd6 Nxd6 20. e5 Rxe5 21. Rxe5 b4
22. Nb1 Ng4 23. Re1 Ne5 24. Bf4 Nec4 25. Nd2 Nxb2 26. Qe2 g5 27. Bxd6 Qxd6 28.
Ne4 Qe5 29. Ra7 Bb5 30. Qh5 Be8 31. Qxg5 Nd3 32. Rd1 Qxg5 33. Nxg5 c4 34. Rc7
b3 35. Rxc4 Nb2 36. Rcc1 Nxd1 37. Rxd1 h6 38. Ne4 b2 39. Nd2 Ba4 40. Rf1 Bb5
41. Rd1 Be2 42. Re1 Bc3 43. Be4 Bxd2 44. Rxe2 b1=Q+ 45. Bxb1 Rxb1+ 46. Kg2 Rd1
47. Kf3 Bb4 48. Kg2 Rxd5 49. h4 Rf5 50. Re4 Bc5 51. Re2 Kg7 52. Rd2 Kf6 53. g4
Rf4 54. f3 Rd4 55. Ra2 Bd6 56. Ra5 Rd2+ 57. Kf1 Bg3 58. Rf5+ Ke6 59. Rh5 Bf4
60. Rf5 Be3 61. Ra5 Rf2+ 62. Ke1 Bd2+ 63. Kxf2 Bxa5 64. Ke3 Ke5 65. f4+ Kd5 66.
h5 Bd8 67. Kd3 Be7 68. Ke3 Bf6 69. Kf3 Bd4 70. g5 Bg7 71. Kg4 Ke4 72. f5 hxg5
73. Kxg5 Ke5 74. f6 Bxf6+ 75. Kh6 Be7 0-1

[Event "IV Weekend Magistrale"]
[Site "Vicenza ITA"]
[Date "2000.10.07"]
[Round "4"]
[White "Del Monaco, Andrea"]
[Black "Carli, Carlo"]
[WhiteElo "2077"]
[BlackElo "2117"]
[Result "0-1"]
[PlyCount "100"]
[EventDate "2000.09.30"]

1. e4 e5 2. Nf3 d6 3. d4 exd4 4. Qxd4 Nf6 5. Nc3 Be7 6. Bg5 O-O 7. O-O-O Nc6 8.
Qd2 h6 9. Bf4 Be6 10. Be2 Ng4 11. Bg3 Nge5 12. Nd4 Nxd4 13. Qxd4 Bf6 14. Nd5
Bxd5 15. Qxd5 Qe7 16. f4 Nc6 17. a3 Rae8 18. Bd3 Qe6 19. Qxe6 Rxe6 20. Bf2 a6
21. c3 Rfe8 22. Kc2 Nb8 23. Rd2 Nd7 24. e5 Bd8 25. Bf5 R6e7 26. Rhd1 Nf8 27.
Bc8 Ne6 28. g3 g5 29. f5 Nf8 30. exd6 cxd6 31. f6 Rc7 32. Bg4 Bxf6 33. Rxd6 Kg7
34. h4 Ng6 35. h5 Ne5 36. Bd7 Re7 37. Bf5 Nc4 38. Rd7 Re2+ 39. Kd3 Rxf2 40.
Rxc7 Nxb2+ 41. Ke4 Nxd1 42. Bc8 Nxc3+ 43. Ke3 Nd5+ 44. Kxf2 Nxc7 45. Bxb7 Bd4+
46. Kf3 f5 47. g4 Kf6 48. a4 a5 49. Bc8 fxg4+ 50. Kxg4 Nd5 0-1

[Event "IV Weekend Magistrale"]
[Site "Vicenza ITA"]
[Date "2000.10.07"]
[Round "4"]
[White "Faccia, Sergio"]
[Black "Vianello, Enrico"]
[WhiteElo "2043"]
[BlackElo "1915"]
[Result "1-0"]
[PlyCount "67"]
[EventDate "2000.09.30"]

1. e4 c5 2. Nf3 Nc6 3. c4 d6 4. d4 cxd4 5. Nxd4 g6 6. Be2 Bg7 7. Nxc6 bxc6 8.
O-O Nf6 9. Nc3 O-O 10. Bg5 Rb8 11. Rb1 Rxb2 12. Rxb2 Nxe4 13. Nxe4 Bxb2 14. Bh6
Re8 15. Qb3 Bh8 16. Qa4 Qc7 17. Be3 Bb7 18. Rb1 Ra8 19. c5 d5 20. Ng5 e5 21.
Qh4 f6 22. Nxh7 Qf7 23. Rxb7 Qxb7 24. Nxf6+ Kf7 25. Ng4 Qb1+ 26. Bf1 Bg7 27.
Nh6+ Bxh6 28. Qxh6 Rg8 29. Qh7+ Rg7 30. Qh8 Qf5 31. Bh6 Qf6 32. Bxg7 Qxg7 33.
Qxg7+ Kxg7 34. Ba6 1-0

[Event "IV Weekend Magistrale"]
[Site "Vicenza ITA"]
[Date "2000.10.07"]
[Round "4"]
[White "Guerra, Alessandro"]
[Black "Oppici, Gabriele"]
[WhiteElo "2181"]
[BlackElo "2040"]
[Result "1/2-1/2"]
[PlyCount "86"]
[EventDate "2000.09.30"]

1. d4 Nc6 2. e4 e5 3. dxe5 Nxe5 4. Nc3 Bc5 5. Bf4 d6 6. Nf3 Ng6 7. Bg3 Be6 8.
h4 h5 9. Na4 Bb4+ 10. c3 Ba5 11. Nd4 Bd7 12. b4 Bb6 13. Nxb6 axb6 14. Bc4 Qe7
15. f3 Nh6 16. Qd2 Ne5 17. Be2 Be6 18. O-O f6 19. f4 Neg4 20. e5 dxe5 21. fxe5
fxe5 22. Nxe6 Qxe6 23. Qg5 g6 24. Bd3 Rg8 25. Rae1 Nf7 26. Qd2 Rxa2 27. Bc2 Qd6
28. Qxd6 cxd6 29. Bb3 Ra3 30. Bxf7+ Ke7 31. Bxg8 Rxc3 32. Bd5 Rxg3 33. Bxb7 Rb3
34. Be4 Rxb4 35. Bxg6 Nf6 36. Bd3 Rxh4 37. Rb1 Nd5 38. Be2 Nf4 39. Bb5 Rg4 40.
Rb2 Nh3+ 41. Kh2 Nf4 42. Be2 Rxg2+ 43. Kh1 Rxe2 1/2-1/2

[Event "IV Weekend Magistrale"]
[Site "Vicenza ITA"]
[Date "2000.10.07"]
[Round "4"]
[White "Luciani, Valerio"]
[Black "Malfagia, Andrea"]
[WhiteElo "2122"]
[BlackElo "2244"]
[Result "1/2-1/2"]
[PlyCount "26"]
[EventDate "2000.09.30"]

1. d4 e6 2. e4 d5 3. Nc3 Bb4 4. e5 c5 5. Bd2 Ne7 6. Nb5 Bxd2+ 7. Qxd2 O-O 8.
dxc5 Nd7 9. f4 Nxc5 10. Nd4 Qb6 11. O-O-O Bd7 12. Ngf3 Rfe8 13. Kb1 Ne4 1/2-1/2

[Event "IV Weekend Magistrale"]
[Site "Vicenza ITA"]
[Date "2000.10.07"]
[Round "4"]
[White "Molina, Fabrizio"]
[Black "Caruso, Augusto"]
[WhiteElo "2313"]
[BlackElo "2286"]
[Result "1-0"]
[PlyCount "43"]
[EventDate "2000.09.30"]

1. c4 b6 2. Nc3 Bb7 3. e4 e6 4. Nf3 Bb4 5. Qc2 Bxc3 6. dxc3 d6 7. Bg5 f6 8. Be3
Nd7 9. Nd4 Qe7 10. f3 Ne5 11. O-O-O O-O-O 12. f4 Ng4 13. Bg1 e5 14. Nf5 Qf7 15.
Qa4 g6 16. c5 Kb8 17. Ba6 gxf5 18. Bxb7 Kxb7 19. c6+ Ka8 20. Qa6 Rb8 21. Rd5
Ne7 22. Qxa7+ 1-0

[Event "IV Weekend Magistrale"]
[Site "Vicenza ITA"]
[Date "2000.10.07"]
[Round "4"]
[White "Navarro, Emanuele"]
[Black "Danieli, Enrico"]
[WhiteElo "1879"]
[BlackElo "2096"]
[Result "1/2-1/2"]
[PlyCount "70"]
[EventDate "2000.09.30"]

1. e4 c6 2. d4 d5 3. exd5 cxd5 4. c4 e6 5. cxd5 Qxd5 6. Nc3 Qa5 7. Nf3 Nf6 8.
Bc4 Be7 9. O-O O-O 10. Qe2 Nc6 11. Rd1 Rd8 12. Bf4 a6 13. Rac1 Rd7 14. Be5 b5
15. Bxf6 Bxf6 16. d5 bxc4 17. dxc6 Rxd1+ 18. Nxd1 Qxa2 19. Rxc4 a5 20. Qc2 Ba6
21. Ra4 Qd5 22. Ne3 Qb5 23. b3 g6 24. Rf4 Be7 25. Qc3 Rd8 26. h4 Rd3 27. Qa1
Rxb3 28. Qd4 Rb2 29. Kh2 Qb8 30. g3 Qd6 31. Qa7 Bc8 32. Rd4 Qxc6 33. Qxe7 Rxf2+
34. Kh1 Qxf3+ 35. Kg1 Bb7 1/2-1/2